Najpotężniejsze kraje na świecie 2020 - Statystyki

Ogólne statystyki
  • Ten quiz został rozwiązany 276 razy
  • Średni wynik to 8 z 10
Statystyki odpowiedzi
PKB I LUDNOSĆ Kraj % Poprawnych
PKB: 13,6 bln dol. Liczba ludności: 1,4 mld Chiny
98%
PKB: 20,5 bln dol. Liczba ludności: 327,2 mln USA
96%
PKB: 1,7 bln dol. Liczba ludności: 144,5 mln Rosja
94%
PKB: 4 bln dol. Liczba ludności: 82,9 mln Niemcy
92%
PKB: 2,8 bln dol. Liczba ludności: 67 mln Francja
89%
PKB: 2,8 bln dol. Liczba ludności: 66,5 mln Wielka Brytania
86%
PKB: 5 bln dol. Liczba ludności: 126,5 mln Japonia
84%
PKB: 1,6 bln dol. Liczba ludności: 51,6 mln Korea Południowa
67%
PKB: 782,5 mld dol. Liczba Ludności 33,7 mln Arabia Saudyjska
44%
PKB: 369,7 mld dol. Liczba ludności: 8,9 mln Izrael
22%
Nie znaleziono quizów pasujących do podanych kryteriów
Rozkład punktacji
Procent ludzi z każdym wynikiem
Percentyl według liczby udzielonych odpowiedzi
Twoja historia wyników
Nie rozwiązałeś tego quizu